Breaking The Mirror: The Murdoch Effect (Record no. 333528)
[ view plain ]
| 000 -LEADER | |
|---|---|
| fixed length control field | 00544nam a2200097Ia 4500 |
| 008 - FIXED-LENGTH DATA ELEMENTS--GENERAL INFORMATION | |
| fixed length control field | 170517s9999 xx 000 0 und d |
| 245 ## - TITLE STATEMENT | |
| Title | Breaking The Mirror: The Murdoch Effect |
| 300 ## - PHYSICAL DESCRIPTION | |
| Extent | The Daily Mirror was the best of them. It was a tabloid when tabloids still meant a peoples' paper that respected its' readers and earned their trust and affection...This film is a personal tribute, but it's also the story of what happened to the once popular Mirror.... |
| 650 ## - SUBJECT ADDED ENTRY--TOPICAL TERM | |
| General subdivision | Media. |
| 856 ## - ELECTRONIC LOCATION AND ACCESS | |
| Uniform Resource Identifier | <a href="http://topdocumentaryfilms.com/breaking-the-mirror/">http://topdocumentaryfilms.com/breaking-the-mirror/</a> |
| Withdrawn status | Lost status | Damaged status | Home library | Current library | Date acquired | Total Checkouts | Date last seen | Price effective from | Koha item type |
|---|---|---|---|---|---|---|---|---|---|
| College Library | College Library | 05/17/2017 | 05/17/2017 | 05/17/2017 | Documentary Films |